Výroba kvasničného extraktu

Guardado en:
Detalles Bibliográficos
Autor principal: Doller, Michal (Autor)
Otros Autores: Illeová, Viera (Orientador)
Formato: Manuscrito Libro
Lenguaje:eslovaco
Publicado: 2021
Materias:
Acceso en línea:http://is.stuba.sk/zp/portal_zp.pl?podrobnosti=148806
Etiquetas: Agregar Etiqueta
Sin Etiquetas, Sea el primero en etiquetar este registro!

MARC

LEADER 00000ntm a22000003a 4500
001 stuzp84906
003 SK-STU
005 20210626211934.6
007 ta
008 150427s2015----xo-----f-mn---000-0-slo-d
040 |a STU  |b slo 
041 0 |a slo 
100 1 |a Doller, Michal  |u 046230  |4 aut  |U FCHPT Ústav chemického a environmentálneho inžinierstva  |T FCHPT Oddelenie chemického a biochemického inžinierstva  |X 97287  |U C6230  |Y 119  |7 97287 
242 0 1 |a Yeast extract production  |y eng 
245 1 0 |a Výroba kvasničného extraktu 
260 |c 2021 
650 4 |a kvasničný extrakt  |2 slo 
650 4 |a prítokový bioreaktor  |2 slo 
650 4 |a Saccharomyces cerevisiae  |2 slo 
650 4 |a autolýza  |2 slo 
650 4 |a mikrofiltrácia  |2 slo 
650 4 |a yeast extract  |2 eng 
650 4 |a Saccharomyces cerevisiae  |2 eng 
650 4 |a autolysis  |2 eng 
650 4 |a fed-batch bioreactor  |2 eng 
650 4 |a microfiltration  |2 eng 
700 1 |a Illeová, Viera  |u 046230  |k Z2  |4 ths  |U FCHPT Ústav chemického a environmentálneho inžinierstva  |T FCHPT Oddelenie chemického a biochemického inžinierstva  |X 3981  |U C6230  |Y 119  |7 A000003981 
856 4 |u http://is.stuba.sk/zp/portal_zp.pl?podrobnosti=148806